[Event "GER-chT U20"]
[Site "Borken"]
[Date "2016.12.27"]
[Round "2.6"]
[White "Ignatov, Dmitriy"]
[Black "Nguyen Dang, Lukas"]
[Result "1/2-1/2"]
[WhiteElo "1786"]
[BlackElo "1734"]
[PlyCount "80"]
[EventDate "2016.12.27"]
[EventType "team-swiss"]
[EventRounds "7"]
[EventCountry "GER"]
[SourceTitle "EXT 2018"]
[Source "ChessBase"]
[SourceDate "2017.10.13"]
[SourceVersion "1"]
[SourceVersionDate "2017.10.13"]
[SourceQuality "1"]
[WhiteTeam "Heilbronn"]
[BlackTeam "Plauen Koenig"]
[WhiteTeamCountry "GER"]
[BlackTeamCountry "GER"]

1. e4 c5 2. Nc3 Nc6 3. g3 g6 4. Bg2 Bg7 5. d3 e6 6. Be3 b6 7. Nge2 Nge7 8. Qd2 0-0 9. Bh6 Bb7 10. Bxg7 Kxg7 11. f4 d5 12. 0-0 Qd7 13. g4 dxe4 14. Nxe4 Nd4 15. Rae1 Rae8 16. c3 Nxe2+ 17. Qxe2 Rd8 18. Nf6 Qd6 19. Bxb7 Kxf6 20. f5 gxf5 21. gxf5 Nxf5 22. Be4 Kg7 23. Qh5 Rg8 24. Kh1 Qe5 25. Bxf5 Qd5+ 26. Rf3 exf5 27. Qg5+ Kh8 28. Qf6+ Rg7 29. Qxf5 Qxf5 30. Rxf5 Rxd3 31. Re8+ Rg8 32. Rxg8+ Kxg8 33. Rf2 Kg7 34. Kg2 Kg6 35. Re2 f5 36. Rf2 Kg5 37. Kg1 h5 38. Kg2 Kg4 39. Re2 f4 40. Rf2 f3+ 1/2-1/2

[Event "GER-chT U20"]
[Site "Osnabrueck"]
[Date "2013.12.29"]
[Round "6.5"]
[White "Ignatov, Dmitriy"]
[Black "Scheer, Maximilian"]
[Result "1/2-1/2"]
[WhiteElo "1553"]
[BlackElo "1710"]
[PlyCount "65"]
[EventDate "2013.12.27"]
[EventType "team-swiss"]
[EventRounds "7"]
[EventCountry "GER"]
[SourceTitle "EXT 2015"]
[Source "ChessBase"]
[SourceDate "2014.11.20"]
[SourceVersion "1"]
[SourceVersionDate "2014.11.20"]
[SourceQuality "1"]
[WhiteTeam "Heilbronn"]
[BlackTeam "Lippstadt Turm"]
[WhiteTeamCountry "GER"]
[BlackTeamCountry "GER"]

1. e4 c5 2. Nf3 d6 3. c3 Nc6 4. d4 cxd4 5. cxd4 a6 6. Bc4 e6 7. Nc3 Nf6 8. Bg5 Be7 9. Bd3 0-0 10. 0-0 h6 11. Be3 b5 12. Rc1 Bb7 13. a3 Rc8 14. Qd2 e5 15. d5 Na5 16. Qd1 Nc4 17. Bxc4 Rxc4 18. b3 Rc6 19. Qd2 Ng4 20. Nd1 Nxe3 21. Nxe3 Bg5 22. Nxg5 Qxg5 23. Qe2 g6 24. Qg4 Qxg4 25. Nxg4 Kg7 26. Ne3 Rxc1 27. Rxc1 Rc8 28. Rxc8 Bxc8 29. h3 f5 30. f3 Kf6 31. g4 f4 32. Ng2 g5 33. Kf2 1/2-1/2

[Event "GER-chT U20"]
[Site "Osnabrueck"]
[Date "2013.12.28"]
[Round "3.5"]
[White "Ignatov, Dmitriy"]
[Black "Bauschmann, Christoph"]
[Result "1-0"]
[WhiteElo "1553"]
[BlackElo "1912"]
[PlyCount "89"]
[EventDate "2013.12.27"]
[EventType "team-swiss"]
[EventRounds "7"]
[EventCountry "GER"]
[SourceTitle "EXT 2015"]
[Source "ChessBase"]
[SourceDate "2014.11.20"]
[SourceVersion "1"]
[SourceVersionDate "2014.11.20"]
[SourceQuality "1"]
[WhiteTeam "Heilbronn"]
[BlackTeam "Stade"]
[WhiteTeamCountry "GER"]
[BlackTeamCountry "GER"]

1. e4 c5 2. Nf3 Nf6 3. c3 d5 4. exd5 Qxd5 5. d4 Nc6 6. Be3 Bg4 7. Be2 cxd4 8. cxd4 e6 9. 0-0 Be7 10. Nc3 Qd6 11. Qd2 0-0 12. Rfd1 Nd5 13. Nxd5 Qxd5 14. b3 Rfd8 15. Bc4 Qh5 16. Be2 Qg6 17. Rac1 Rd5 18. Rxc6 Bxf3 19. Bxf3 bxc6 20. Bxd5 exd5 21. Rc1 Ba3 22. Re1 Qd6 23. Qc2 Bb4 24. Rc1 Ba3 25. Qxc6 Rd8 26. Qxd6 Bxd6 27. h3 Kf8 28. Rc6 Ke7 29. Kf1 Rb8 30. Ra6 Rb7 31. Ra5 Ke6 32. Ke2 Rc7 33. Ra6 Kd7 34. Kd3 Bb4 35. Bd2 Bd6 36. Rxd6+ Kxd6 37. Bf4+ Kd7 38. Bxc7 Kxc7 39. Kc3 Kb6 40. Kb4 f6 41. g4 g6 42. Ka4 h6 43. b4 a6 44. h4 f5 45. gxf5 1-0

[Event "Gernsheim U20 op 11th"]
[Site "Gernsheim"]
[Date "2013.05.20"]
[Round "7"]
[White "Henrich, David"]
[Black "Ignatov, Dmitriy"]
[Result "1-0"]
[WhiteElo "1870"]
[BlackElo "1706"]
[PlyCount "61"]
[EventDate "2013.05.18"]
[EventType "swiss"]
[EventRounds "7"]
[EventCountry "GER"]
[SourceTitle "EXT 2015"]
[Source "ChessBase"]
[SourceDate "2014.11.20"]
[SourceVersion "1"]
[SourceVersionDate "2014.11.20"]
[SourceQuality "1"]

1. c4 Nf6 2. g3 e5 3. Bg2 c6 4. Nf3 e4 5. Nd4 d5 6. cxd5 cxd5 7. 0-0 Nc6 8. Nxc6 bxc6 9. d3 Bf5 10. dxe4 Bxe4 11. Qa4 Qb6 12. Be3 Qb5 13. Qxb5 cxb5 14. Nc3 Bxg2 15. Kxg2 a6 16. Rad1 Rd8 17. Bg5 Be7 18. Bxf6 Bxf6 19. Nxd5 Bxb2 20. Nc7+ Ke7 21. Nxa6 Rxd1 22. Rxd1 Ra8 23. Nc7 Rxa2 24. Rd2 Ra7 25. Nd5+ Kd6 26. Nc3+ Kc5 27. Rxb2 b4 28. Na2 b3 29. Nc1 Kc4 30. Rxb3 Ra1 31. Rb7 1-0

[Event "GER-chT U20"]
[Site "Osnabrueck"]
[Date "2012.12.29"]
[Round "5.6"]
[White "Raschkowski, Alexander"]
[Black "Ignatov, Dmitriy"]
[Result "1-0"]
[WhiteElo "1727"]
[BlackElo "1447"]
[PlyCount "111"]
[EventDate "2012.12.27"]
[EventType "team-swiss"]
[EventRounds "7"]
[EventCountry "GER"]
[SourceTitle "EXT 2014"]
[Source "ChessBase"]
[SourceDate "2013.11.20"]
[SourceVersion "1"]
[SourceVersionDate "2013.11.20"]
[SourceQuality "1"]
[WhiteTeam "Brackel"]
[BlackTeam "Heilbronn"]
[WhiteTeamCountry "GER"]
[BlackTeamCountry "GER"]

1. e4 c6 2. d4 d5 3. e5 Bf5 4. Bd3 Bxd3 5. Qxd3 e6 6. f4 Ne7 7. Nf3 Qa5+ 8. Bd2 Qa6 9. Qb3 Nd7 10. Bb4 0-0-0 11. Ng5 Nf5 12. Bc3 Nh6 13. a4 Be7 14. Qa2 f6 15. Nxe6 Rde8 16. g3 Bf8 17. Nxf8 Rhxf8 18. Nd2 Ng4 19. Nf3 fxe5 20. Nxe5 Ndxe5 21. dxe5 Qb6 22. 0-0-0 Qf2 23. Bd4 Qg2 24. Bxa7 Nxh2 25. Rhg1 Qf3 26. Rd3 Qe4 27. Rd4 Qe3+ 28. Rd2 Qxa7 29. Rh1 Ng4 30. Qb3 h6 31. Re2 Kc7 32. Rhe1 Re6 33. Qf3 h5 34. f5 Re7 35. Qf4 Kd7 36. e6+ Kc8 37. b3 g6 38. Qg5 Rf6 39. fxg6 b6 40. g7 Rxg7 41. Qxg7 Qxg7 42. e7 Re6 43. Rxe6 Qa1+ 44. Kd2 Qd4+ 45. Ke2 Qf2+ 46. Kd3 Qxg3+ 47. R1e3 Nf2+ 48. Kd2 Ne4+ 49. R6xe4 Qg2+ 50. Kc1 dxe4 51. e8Q+ Kb7 52. Rxe4 Qg5+ 53. Kb2 Qf6+ 54. Ka2 b5 55. a5 Kc7 56. Qe5+ 1-0

[Event "GER-chT U20"]
[Site "Osnabrueck"]
[Date "2011.12.30"]
[Round "7.5"]
[White "Ignatov, Dmitriy"]
[Black "Hoffmann, Sascha"]
[Result "1-0"]
[WhiteElo "1250"]
[BlackElo "1685"]
[PlyCount "51"]
[EventDate "2011.12.27"]
[EventType "team-swiss"]
[EventRounds "7"]
[EventCountry "GER"]
[SourceTitle "CBM 146 Extra"]
[Source "ChessBase"]
[SourceDate "2012.02.29"]
[SourceVersion "1"]
[SourceVersionDate "2012.02.29"]
[SourceQuality "1"]
[WhiteTeam "Heilbronn"]
[BlackTeam "Erfurt"]
[WhiteTeamCountry "GER"]
[BlackTeamCountry "GER"]

1. e4 c5 2. Nf3 Nc6 3. c3 d6 4. d4 cxd4 5. cxd4 Nf6 6. Nc3 e6 7. Bb5 Bd7 8. Bg5 Be7 9. 0-0 0-0 10. Re1 Rc8 11. Rc1 a6 12. Ba4 b5 13. Bc2 Rc7 14. a3 Qb8 15. Qd3 e5 16. dxe5 Nxe5 17. Nxe5 dxe5 18. Qg3 Rc6 19. Qd3 Rd8 20. Nd5 Nxd5 21. exd5 Bxg5 22. Qxh7+ Kf8 23. dxc6 Bxc1 24. cxd7 Bd2 25. Rd1 Rxd7 26. Qh8+ 1-0

[Event "GER-chT U16"]
[Site "Naumburg"]
[Date "2010.12.29"]
[Round "5.4"]
[White "Ignatov, Dmitriy"]
[Black "Wild, Michael"]
[Result "1-0"]
[WhiteElo "1074"]
[BlackElo "1200"]
[PlyCount "71"]
[EventDate "2010.12.27"]
[EventType "team-swiss"]
[EventRounds "7"]
[EventCountry "GER"]
[SourceTitle "CBM 140 Extra"]
[Source "ChessBase"]
[SourceDate "2011.03.01"]
[SourceVersion "1"]
[SourceVersionDate "2011.03.01"]
[SourceQuality "1"]
[WhiteTeam "Heilbronn"]
[BlackTeam "Lappersdorf"]
[WhiteTeamCountry "GER"]
[BlackTeamCountry "GER"]

1. e4 e5 2. Nf3 Nc6 3. Bc4 Nf6 4. Nc3 Bc5 5. d3 d6 6. h3 Be6 7. Bd5 Bxd5 8. Nxd5 Nxd5 9. exd5 Ne7 10. c4 0-0 11. 0-0 Ng6 12. Be3 Bb6 13. b4 c6 14. c5 Bc7 15. dxc6 bxc6 16. cxd6 Qxd6 17. Bc5 Qf6 18. Bxf8 Rxf8 19. Rc1 Rd8 20. Qe2 Nf4 21. Qe4 Qg6 22. Qxg6 hxg6 23. Rc2 Rc8 24. Rxc6 Nxd3 25. Kh1 Nxb4 26. Rc4 Nd3 27. Ng5 Nf4 28. Rd1 f6 29. Rxc7 Re8 30. Re7 Ra8 31. Ne6 Nh5 32. g4 Nf4 33. Nxf4 exf4 34. Rdd7 a5 35. Rxg7+ Kh8 36. Rxg6 1-0

[Event "GER-chT U16"]
[Site "Naumburg"]
[Date "2010.12.28"]
[Round "4.3"]
[White "Ignatov, Dmitriy"]
[Black "Hellwig, Tina"]
[Result "1/2-1/2"]
[WhiteElo "1074"]
[BlackElo "1321"]
[PlyCount "94"]
[EventDate "2010.12.27"]
[EventType "team-swiss"]
[EventRounds "7"]
[EventCountry "GER"]
[SourceTitle "CBM 140 Extra"]
[Source "ChessBase"]
[SourceDate "2011.03.01"]
[SourceVersion "1"]
[SourceVersionDate "2011.03.01"]
[SourceQuality "1"]
[WhiteTeam "Heilbronn"]
[BlackTeam "Leipzig BSG Chemie"]
[WhiteTeamCountry "GER"]
[BlackTeamCountry "GER"]

1. e4 c6 2. d4 d5 3. Nc3 dxe4 4. Nxe4 Bf5 5. Ng3 Bg6 6. Nf3 Nf6 7. Bd3 Bxd3 8. Qxd3 e6 9. Bd2 Nbd7 10. 0-0-0 Qc7 11. Rhe1 0-0-0 12. Bc3 c5 13. Ne2 Ng4 14. Rd2 Nxf2 15. Qc4 Ne4 16. Rd3 Nd6 17. Qa4 c4 18. Rdd1 Kb8 19. Ne5 f6 20. Nxd7+ Qxd7 21. Qxd7 Rxd7 22. Ng3 Re7 23. Bb4 Kc7 24. Ne4 Rd7 25. Nc5 Rf7 26. Nxe6+ Kd7 27. Nc5+ Kc8 28. Ne6 Rd7 29. Nc5 Rf7 30. Ne6 Be7 31. Bxd6 Bxd6 32. Nc5 Bxh2 33. d5 Bd6 34. Ne4 Rd8 35. Nxd6+ Rxd6 36. Re6 Rfd7 37. Rxd6 Rxd6 38. Rd4 Kd7 39. Kd2 Rb6 40. b3 cxb3 41. axb3 Kd6 42. Ke3 Rb5 43. Ke4 b6 44. Rd3 Rc5 45. c4 a5 46. Kd4 b5 47. Rc3 Rc7 1/2-1/2